<?xml version="1.0" encoding="UTF-8"?>
<record
    xmlns:xsi="http://www.w3.org/2001/XMLSchema-instance"
    xsi:schemaLocation="http://www.loc.gov/MARC21/slim http://www.loc.gov/standards/marcxml/schema/MARC21slim.xsd"
    xmlns="http://www.loc.gov/MARC21/slim">

  <leader>00772nam a22002297ib4500</leader>
  <controlfield tag="001">IT\ICCU\TO0\1856856</controlfield>
  <controlfield tag="003">ItRI</controlfield>
  <controlfield tag="005">20260428191031.0</controlfield>
  <controlfield tag="008">120925s2012    it ||||||    ||||| |||||c</controlfield>
  <datafield tag="040" ind1=" " ind2=" ">
    <subfield code="b">ita</subfield>
    <subfield code="c">Arcigay Viterbo</subfield>
  </datafield>
  <datafield tag="041" ind1=" " ind2="7">
    <subfield code="a">ita</subfield>
    <subfield code="2">ISO-639-2</subfield>
  </datafield>
  <datafield tag="100" ind1="1" ind2=" ">
    <subfield code="a">Innocenti, Marco,</subfield>
    <subfield code="d"> (1946-    )</subfield>
    <subfield code="0">IT\ICCU\CFIV\087969</subfield>
  </datafield>
  <datafield tag="245" ind1="1" ind2="0">
    <subfield code="a">Fascino,</subfield>
    <subfield code="p">seduttrici e seduttori del Novecento /</subfield>
    <subfield code="c">Marco Innocenti, Enrica Roddolo.</subfield>
  </datafield>
  <datafield tag="260" ind1=" " ind2=" ">
    <subfield code="a">Milano :</subfield>
    <subfield code="b">Gruner+Jahr :</subfield>
    <subfield code="b">Mondadori,</subfield>
    <subfield code="c">2012</subfield>
  </datafield>
  <datafield tag="300" ind1=" " ind2=" ">
    <subfield code="a">280 p. :</subfield>
    <subfield code="b">ill. ;</subfield>
    <subfield code="c">23 cm</subfield>
  </datafield>
  <datafield tag="700" ind1="1" ind2=" ">
    <subfield code="a">Roddolo, Enrica</subfield>
    <subfield code="0">IT\ICCU\CFIV\154088</subfield>
  </datafield>
  <datafield tag="773" ind1="0" ind2=" ">
    <subfield code="w">IT\ICCU\CAG\0817036</subfield>
    <subfield code="t">Focus storia. Extra</subfield>
    <subfield code="g">10</subfield>
  </datafield>
  <datafield tag="830" ind1=" " ind2="0">
    <subfield code="a">Focus storia libri</subfield>
    <subfield code="0">IT\ICCU\UBO\3885233</subfield>
  </datafield>
  <datafield tag="942" ind1=" " ind2=" ">
    <subfield code="2">ddc</subfield>
    <subfield code="c">BK</subfield>
    <subfield code="n">0</subfield>
  </datafield>
  <datafield tag="981" ind1=" " ind2="1">
    <subfield code="6">z01</subfield>
    <subfield code="a">i </subfield>
    <subfield code="b">xxxe  </subfield>
  </datafield>
  <datafield tag="982" ind1=" " ind2="1">
    <subfield code="6">z01</subfield>
    <subfield code="a">n</subfield>
  </datafield>
  <datafield tag="999" ind1=" " ind2=" ">
    <subfield code="c">28953</subfield>
    <subfield code="d">28953</subfield>
  </datafield>
  <datafield tag="952" ind1=" " ind2=" ">
    <subfield code="0">0</subfield>
    <subfield code="1">0</subfield>
    <subfield code="2">ddc</subfield>
    <subfield code="4">0</subfield>
    <subfield code="7">0</subfield>
    <subfield code="a">VT</subfield>
    <subfield code="b">VT</subfield>
    <subfield code="d">2026-04-28</subfield>
    <subfield code="e">Dono di Luca Bonomi</subfield>
    <subfield code="i">B619</subfield>
    <subfield code="l">0</subfield>
    <subfield code="o">306.7 INN FAS</subfield>
    <subfield code="p">B619</subfield>
    <subfield code="r">2026-04-28 19:14:24</subfield>
    <subfield code="w">2026-04-28</subfield>
    <subfield code="y">BK</subfield>
    <subfield code="z">Dono di Luca Bonomi</subfield>
  </datafield>
</record>
